00457 a2200145 4500020002900000020002500029040000800054082001000062245009300072250003600165260004000201300002400241650002600265650002000291 a978-0-345-47232-8 (pbk.) a0-345-47232-2 (pbk.) aDLC00a153.810aMindset : the new psychology of success bthe new psychology of success cCarol S. Dweck aBallantine Books trade pbk. ed. aNew York :bBallantine Books,c2008 ax, 277 p. ;c21 cm. 0xPsychological aspects 0aSelf-perception